Logic : a foundation for computer science /
Guardado en:
| Autor Principal: | |
|---|---|
| Otros Autores: | |
| Formato: | Libro |
| Idioma: | English |
| Publicado: |
Wokingham, England :
Addison-Wesley,
c1991.
|
| Series: | International computer science series
|
| Materias: | |
| Etiquetas: |
Agregar Etiqueta
Sin Etiquetas, Sea el primero en etiquetar este registro!
|
| LEADER | 00906pam a2200253 a 4500 | ||
|---|---|---|---|
| 001 | MAT.inmabb004239 | ||
| 008 | 910301s1991####enka#####b####001#0#eng## | ||
| 005 | 20130314104415.0 | ||
| 245 | 1 | 0 | |a Logic : |b a foundation for computer science / |c V. Sperschneider & G. Antoniou. |
| 260 | |a Wokingham, England : |b Addison-Wesley, |c c1991. | ||
| 300 | |a xii, 495 p. : |b il. ; |c 24 cm. | ||
| 440 | 0 | |a International computer science series | |
| 504 | |a Incluye referencias bibliográficas (p. [485]-490) e índice. | ||
| 510 | 4 | |a MR, |c 93a:03002 | |
| 020 | |a 0201565145 | ||
| 100 | 1 | |a Sperschneider, V. |q (Volker) | |
| 700 | 1 | |a Antoniou, G. |q (Grigorios) | |
| 650 | 0 | |a Computer science. | |
| 650 | 0 | |a Artificial intelligence. | |
| 650 | 0 | |a Logic, Symbolic and mathematical. | |
| 084 | |a 03-01 (03B10 03B70 68-01 68Q60) |2 msc2000 | ||
| 010 | |a 91002885 | ||
| 040 | |a DLC |c DLC |d DLC | ||
| 859 | |h 03 |i Sp751 |p A-6779 |b BIB. MATEMATICA | ||
